00506nam a22001577a 450000500170000000800410001702000180005804100130007608200140008910000130010324501010011625000190021726000550023630000320029165000250032320240206062426.0231115b |||||||| |||| 00| 0 eng d a9781920538057 aEnglish  a344.4 ENV lEnglish  aThe balancing of interests in environmental law in Africa / cedited by M Faure and W Du Plesis  aFirst Edition  aPretoria : bPretoria University Law Press, c2011 bxxix, 661 pages ; c26 cm.  aLegal practice bLaw